[Event "España ch-2015 sub-18"]
[Site "Salobrena ESP"]
[Date "2015.07.27"]
[Round "1.1"]
[White "Olivares Romero, Sara"]
[Black "Garriga Cazorla, Pere"]
[Result "0-1"]
[WhiteElo "1954"]
[BlackElo "2461"]
[PlyCount "52"]
[EventDate "2015.07.27"]
[EventType "swiss"]
[EventRounds "9"]
[EventCountry "ESP"]
[Source "lmi"]
[SourceDate "2015.07.27"]

1. e4 e5 2. Nf3 Nc6 3. Bb5 a6 4. Ba4 Nge7 5. O-O g6 6. c3 Bg7 7. d3 O-O 8. Re1
d6 9. Nbd2 h6 10. Nf1 Kh7 11. Ne3 f5 12. Bb3 f4 13. Nd5 g5 14. Nd2 Ng6 15. f3
h5 16. h3 Na5 17. Qe2 Nxb3 18. Nxb3 a5 19. c4 c6 20. Nc3 g4 21. hxg4 hxg4 22.
Kf1 a4 23. Nd2 g3 24. Rd1 Qb6 25. Ke1 Nh4 26. Qf1 Bh3 0-1

[Event "España ch-2015 sub-18"]
[Site "Salobrena ESP"]
[Date "2015.07.27"]
[Round "1.2"]
[White "Suarez Gomez, Julio"]
[Black "Abalia Patino, Aritz"]
[Result "1-0"]
[WhiteElo "2400"]
[BlackElo "1951"]
[PlyCount "49"]
[EventDate "2015.07.27"]
[EventType "swiss"]
[EventRounds "9"]
[EventCountry "ESP"]
[Source "lmi"]
[SourceDate "2015.07.27"]

1. e4 c5 2. Nf3 e6 3. g3 a6 4. Bg2 d6 5. d4 cxd4 6. Nxd4 Nf6 7. O-O Be7 8. Nc3
Qc7 9. a4 Nbd7 10. Re1 h5 11. h3 O-O 12. g4 hxg4 13. hxg4 Rd8 14. g5 Ne8 15.
Qh5 g6 16. Qh4 Bf8 17. Re3 Bg7 18. Nde2 Nb6 19. Rh3 d5 20. b3 d4 21. Ba3 Nd6
22. e5 Bxe5 23. Ne4 f5 24. Nf6+ Bxf6 25. Bf1 1-0

[Event "España ch-2015 sub-18"]
[Site "Salobrena ESP"]
[Date "2015.07.27"]
[Round "1.3"]
[White "Santos Martinez, Guillermo"]
[Black "Abal Cores, Lucas"]
[Result "0-1"]
[WhiteElo "1940"]
[BlackElo "2373"]
[PlyCount "80"]
[EventDate "2015.07.27"]
[EventType "swiss"]
[EventRounds "9"]
[EventCountry "ESP"]
[Source "lmi"]
[SourceDate "2015.07.27"]

1. d4 Nf6 2. c4 e6 3. Nc3 Bb4 4. Qc2 O-O 5. a3 Bxc3+ 6. Qxc3 d5 7. Bg5 h6 8.
Bxf6 Qxf6 9. e3 c5 10. Nf3 cxd4 11. Qxd4 Qe7 12. cxd5 Rd8 13. Qc3 exd5 14. Be2
Bg4 15. Nd4 Bxe2 16. Kxe2 Na6 17. Rac1 Qd7 18. Rhd1 Qg4+ 19. Nf3 Rd6 20. Rd4
Qd7 21. Qd3 Rd8 22. Rf4 Re8 23. Nd4 g6 24. b4 Nb8 25. Qb5 Nc6 26. Qc5 g5 27.
Rf3 Ne5 28. Rh3 Nc4 29. Qb5 Qg4+ 30. Kf1 Rc8 31. Re1 Qe4 32. Qxb7 Re8 33. Qxa7
Rf6 34. Kg1 Re7 35. Qb8+ Kg7 36. Rf3 Qxd4 37. Qd8 Qd2 38. Rf1 Rxf3 39. gxf3
Rxe3 40. b5 Rxa3 0-1

[Event "España ch-2015 sub-18"]
[Site "Salobrena ESP"]
[Date "2015.07.27"]
[Round "1.4"]
[White "Santos Ruiz, Miguel"]
[Black "Martin Iribar, Ander"]
[Result "1-0"]
[WhiteElo "2329"]
[BlackElo "1935"]
[PlyCount "111"]
[EventDate "2015.07.27"]
[EventType "swiss"]
[EventRounds "9"]
[EventCountry "ESP"]
[Source "lmi"]
[SourceDate "2015.07.27"]

1. e4 c5 2. Nf3 e6 3. g3 Nc6 4. Bg2 Nf6 5. Qe2 d6 6. O-O Be7 7. c3 O-O 8. Rd1
Qc7 9. d4 e5 10. dxc5 dxc5 11. Bg5 Be6 12. Bxf6 Bxf6 13. Na3 Rad8 14. Rxd8 Rxd8
15. Nc2 Qd7 16. Ne3 Qd3 17. Qxd3 Rxd3 18. Bf1 Rd8 19. Bc4 Na5 20. Bd5 Bxd5 21.
Nxd5 Nc6 22. Kf1 Kf8 23. Ke2 Be7 24. Ne3 Bd6 25. Nd2 Bb8 26. a4 Ne7 27. Ra3 Rd7
28. Rb3 Ke8 29. Rb5 b6 30. a5 Rb7 31. Nb3 Bd6 32. Nc4 Nc8 33. axb6 axb6 34.
Nbd2 Kd7 35. Rb3 Bc7 36. Ne3 Ne7 37. Ra3 Kc8 38. Ra1 Kd7 39. Ndc4 f6 40. Nd5
Nxd5 41. Rd1 Rb8 42. Rxd5+ Ke6 43. Na3 Bd8 44. Nb5 Be7 45. Kd3 Rc8 46. Kc4 Bf8
47. Na3 Be7 48. Kb5 Bd8 49. Nc4 Bc7 50. Kc6 Bd6+ 51. Kxb6 Be7 52. Kb7 Rf8 53.
Nb6 Bd6 54. Kc6 Be7 55. Nd7 Rc8+ 56. Kb7 1-0

[Event "España ch-2015 sub-18"]
[Site "Salobrena ESP"]
[Date "2015.07.27"]
[Round "1.5"]
[White "Sanchez Ruesga, Carlos"]
[Black "Navarrete Espi, Samuel"]
[Result "0-1"]
[WhiteElo "1933"]
[BlackElo "2329"]
[PlyCount "78"]
[EventDate "2015.07.27"]
[EventType "swiss"]
[EventRounds "9"]
[EventCountry "ESP"]
[Source "lmi"]
[SourceDate "2015.07.27"]

1. e4 e5 2. Nf3 Nc6 3. Bb5 Bc5 4. O-O Qf6 5. Nc3 Nge7 6. d3 h6 7. Ne2 O-O 8. c3
Bb6 9. Ng3 Ng6 10. Be3 d6 11. h3 Nd8 12. Nh2 Nf4 13. Nh5 Qg5 14. Nxf4 exf4 15.
Bxb6 axb6 16. Bc4 Bxh3 17. Qf3 Be6 18. Bxe6 fxe6 19. d4 h5 20. Qh3 Qg6 21. Rfe1
Ra5 22. Nf3 Nf7 23. e5 dxe5 24. dxe5 Qg4 25. Nd4 Qxh3 26. gxh3 Nxe5 27. Re4 Rf6
28. Rae1 Nd3 29. R1e2 Rg6+ 30. Kh2 Rag5 31. f3 e5 32. Nb5 c6 33. Na7 Rg3 34.
Nc8 Kf7 35. Nxb6 Rxf3 36. Rg2 Rxg2+ 37. Kxg2 Rg3+ 38. Kf1 Rxh3 39. Nc4 Ke6 0-1

[Event "España ch-2015 sub-18"]
[Site "Salobrena ESP"]
[Date "2015.07.27"]
[Round "1.6"]
[White "Marchena Hurtado, Javier"]
[Black "Redondo Benavente, Ana"]
[Result "1-0"]
[WhiteElo "2294"]
[BlackElo "1920"]
[PlyCount "95"]
[EventDate "2015.07.27"]
[EventType "swiss"]
[EventRounds "9"]
[EventCountry "ESP"]
[Source "lmi"]
[SourceDate "2015.07.27"]

1. d4 Nf6 2. c4 d6 3. Nc3 Bf5 4. g3 c6 5. Bg2 e5 6. e4 Bg6 7. Nge2 Be7 8. O-O
O-O 9. h3 Bh5 10. g4 Bg6 11. f4 exf4 12. Nxf4 Nbd7 13. g5 Ne8 14. h4 h5 15.
Nxh5 Bxh5 16. Qxh5 g6 17. Qg4 Ng7 18. Be3 a5 19. b3 Nb6 20. a4 Qd7 21. Qf3 f5
22. d5 Qc7 23. Rad1 Nd7 24. Qh3 Ne5 25. exf5 Rxf5 26. Be4 Rxf1+ 27. Rxf1 Rf8
28. Bd4 Rxf1+ 29. Kxf1 Qd8 30. Kg2 Qe8 31. Ne2 Bf8 32. Qe3 Nh5 33. Bf3 Ng7 34.
Bxe5 dxe5 35. Ng3 Nf5 36. Qe4 Qf7 37. Nxf5 Qxf5 38. dxc6 bxc6 39. Qxc6 Qc2+ 40.
Kg3 Qxb3 41. Qxg6+ Bg7 42. Qe6+ Kh7 43. Kg4 Qe3 44. Qf5+ Kg8 45. Bd5+ Kh8 46.
Qc8+ Kh7 47. Qg8+ Kg6 48. h5# 1-0

[Event "España ch-2015 sub-18"]
[Site "Salobrena ESP"]
[Date "2015.07.27"]
[Round "1.7"]
[White "Bustos Bernardo, Samuel"]
[Black "Rubio Tent, Francisco"]
[Result "0-1"]
[WhiteElo "1917"]
[BlackElo "2275"]
[PlyCount "44"]
[EventDate "2015.07.27"]
[EventType "swiss"]
[EventRounds "9"]
[EventCountry "ESP"]
[Source "lmi"]
[SourceDate "2015.07.27"]

1. Nf3 d5 2. d4 e6 3. c4 c5 4. e3 Nc6 5. Nc3 Nf6 6. a3 a6 7. dxc5 Bxc5 8. b4
Ba7 9. Bb2 O-O 10. Qc2 Qe7 11. Rc1 Rd8 12. cxd5 exd5 13. Be2 Bg4 14. O-O Rac8
15. Rfe1 Ne4 16. Bd1 Bb8 17. h3 Bf5 18. Qb3 Qd6 19. Ne2 Bxh3 20. gxh3 Nd2 21.
Nxd2 Qh2+ 22. Kf1 Qxh3+ 0-1

[Event "España ch-2015 sub-18"]
[Site "Salobrena ESP"]
[Date "2015.07.27"]
[Round "1.8"]
[White "Balbuena Fuentes, Mario"]
[Black "Ruiz Sicilia, Juan Carlos"]
[Result "1-0"]
[WhiteElo "2265"]
[BlackElo "1911"]
[PlyCount "47"]
[EventDate "2015.07.27"]
[EventType "swiss"]
[EventRounds "9"]
[EventCountry "ESP"]
[Source "lmi"]
[SourceDate "2015.07.27"]

1. e4 e6 2. d4 d5 3. Nd2 Nf6 4. e5 Nfd7 5. c3 c5 6. Bd3 Nc6 7. Ne2 cxd4 8. cxd4
f6 9. Nf4 Nxd4 10. Qh5+ Ke7 11. exf6+ Nxf6 12. Ng6+ hxg6 13. Qxh8 Kf7 14. O-O
Nh5 15. Nb3 Nxb3 16. axb3 e5 17. Re1 Qf6 18. Be2 Bc5 19. Be3 Bxe3 20. fxe3 Qg5
21. Bxh5 gxh5 22. Rf1+ Kg6 23. Qe8+ Kh7 24. Rf8 1-0

[Event "España ch-2015 sub-18"]
[Site "Salobrena ESP"]
[Date "2015.07.27"]
[Round "1.9"]
[White "Ferreiro Diaz, Miguel"]
[Black "Shen, Yue"]
[Result "0-1"]
[WhiteElo "1897"]
[BlackElo "2248"]
[PlyCount "44"]
[EventDate "2015.07.27"]
[EventType "swiss"]
[EventRounds "9"]
[EventCountry "ESP"]
[Source "lmi"]
[SourceDate "2015.07.27"]

1. e4 c5 2. b3 Nf6 3. e5 Nd5 4. Bc4 Nb6 5. d3 e6 6. Qh5 d5 7. exd6 Qf6 8. c3
Nxc4 9. dxc4 Bxd6 10. Be3 O-O 11. Nf3 b6 12. Ng5 Qf5 13. Qf3 Qxf3 14. Nxf3 Bb7
15. Nbd2 f5 16. Nb1 Nc6 17. Ke2 e5 18. Na3 e4 19. Ne1 f4 20. Bc1 Rae8 21. Nac2
Ne5 22. Rg1 Ng4 0-1

[Event "España ch-2015 sub-18"]
[Site "Salobrena ESP"]
[Date "2015.07.27"]
[Round "1.10"]
[White "Martin Garcia, Guillermo"]
[Black "Capote Robayna, Johanna"]
[Result "1-0"]
[WhiteElo "2240"]
[BlackElo "1887"]
[PlyCount "93"]
[EventDate "2015.07.27"]
[EventType "swiss"]
[EventRounds "9"]
[EventCountry "ESP"]
[Source "lmi"]
[SourceDate "2015.07.27"]

1. e4 c5 2. Nf3 d6 3. c3 Nf6 4. h3 Nc6 5. Bd3 g6 6. Bc2 Bg7 7. O-O O-O 8. d4
cxd4 9. cxd4 e5 10. d5 Nb4 11. Nc3 Nxc2 12. Qxc2 Bd7 13. Be3 b5 14. a4 a6 15.
axb5 axb5 16. Qb3 Qb8 17. Qb4 Rxa1 18. Rxa1 Rc8 19. Ra6 Bf8 20. Rb6 Qc7 21.
Nxb5 Bxb5 22. Rxb5 Qc4 23. Qxc4 Rxc4 24. Nd2 Ra4 25. f3 Nh5 26. Rb8 Kg7 27. g4
Nf4 28. Bxf4 exf4 29. Kf2 Be7 30. Ke2 Ra1 31. b4 Ra2 32. b5 Bf6 33. Kd3 Ra3+
34. Kc4 Rc3+ 35. Kb4 Rc1 36. Nc4 Rf1 37. b6 Bd4 38. Nd2 Rf2 39. b7 Rxd2 40.
Rg8+ Kh6 41. b8=Q Rb2+ 42. Kc4 Rxb8 43. Rxb8 Be5 44. h4 f6 45. Rb7 Ba1 46. Rd7
Be5 47. Kb5 1-0

[Event "España ch-2015 sub-18"]
[Site "Salobrena ESP"]
[Date "2015.07.27"]
[Round "1.11"]
[White "Sebastian Cantarino, Adrian"]
[Black "Sanchez Vigon, David"]
[Result "1/2-1/2"]
[WhiteElo "1883"]
[BlackElo "2201"]
[PlyCount "63"]
[EventDate "2015.07.27"]
[EventType "swiss"]
[EventRounds "9"]
[EventCountry "ESP"]
[Source "lmi"]
[SourceDate "2015.07.27"]

1. e4 c5 2. Nf3 d6 3. d4 cxd4 4. Nxd4 Nf6 5. Nc3 a6 6. Be3 e5 7. Nb3 Be7 8. f3
Be6 9. Qd2 O-O 10. O-O-O a5 11. Kb1 a4 12. Nc1 a3 13. b3 Na6 14. g4 Rc8 15. h4
Nb4 16. Nd3 Nxd3 17. Bxd3 Qc7 18. Nb5 Qb8 19. c4 Ne8 20. h5 Nc7 21. Rc1 Rfd8
22. Na7 Re8 23. Nxc8 Rxc8 24. g5 Na6 25. Bf1 Nc5 26. Bxc5 Rxc5 27. Bh3 Qc8 28.
Bxe6 Qxe6 29. Rhg1 Qh3 30. g6 Qxf3 31. gxf7+ Kf8 32. Qc2 1/2-1/2

[Event "España ch-2015 sub-18"]
[Site "Salobrena ESP"]
[Date "2015.07.27"]
[Round "1.12"]
[White "Ponce Cano, Adrian"]
[Black "Antunez Muñoz, Ines"]
[Result "1-0"]
[WhiteElo "2183"]
[BlackElo "1873"]
[PlyCount "147"]
[EventDate "2015.07.27"]
[EventType "swiss"]
[EventRounds "9"]
[EventCountry "ESP"]
[Source "lmi"]
[SourceDate "2015.07.27"]

1. e4 e5 2. Nf3 Nc6 3. c3 Nf6 4. d4 d5 5. Bb5 exd4 6. e5 Ne4 7. cxd4 Be7 8. Be3
Bd7 9. Be2 O-O 10. O-O Be6 11. Ne1 f5 12. Nd3 Bg5 13. Nf4 Bxf4 14. Bxf4 Qh4 15.
g3 Qe7 16. f3 Ng5 17. Bxg5 Qxg5 18. f4 Qe7 19. Bb5 Nd8 20. Qb3 c5 21. Qa3 b6
22. Rc1 Rc8 23. Nd2 Rf7 24. Nf3 h6 25. Qe3 c4 26. Qd2 Qb7 27. Nh4 a6 28. Be8
Rf8 29. Bg6 Nc6 30. Rd1 b5 31. Qe3 Qd7 32. Qe2 Qa7 33. Qe3 Qd7 34. Rd2 Nb4 35.
Bh5 Nc6 36. Re1 Ne7 37. Ng6 Nxg6 38. Bxg6 b4 39. Rc2 a5 40. Rf1 Rc6 41. Qe1 Qa7
42. Qe3 Qd7 43. Rf3 Kh8 44. Qd2 Bg8 45. Bh5 g6 46. Bg4 fxg4 47. Rf1 Be6 48. f5
gxf5 49. Qxh6+ Kg8 50. Rcf2 Qg7 51. Qe3 Qg6 52. Qe2 Qe8 53. Qd2 Qg6 54. Qe2 a4
55. Qd2 Rb6 56. Ra1 Rfb8 57. Qd1 Bd7 58. Qd2 Be6 59. Qd1 Ra8 60. Rb1 Kg7 61.
Qc1 Rab8 62. Qd1 Bd7 63. Ra1 Qg5 64. Qe1 Kg6 65. Re2 Be6 66. Qd1 Ra6 67. Rb1
Qe7 68. Rf2 Qd7 69. Rf4 Rab6 70. h3 gxh3 71. Rh4 Kg7 72. Qh5 Qf7 73. Qh6+ Kg8
74. Qh8# 1-0

[Event "España ch-2015 sub-18"]
[Site "Salobrena ESP"]
[Date "2015.07.27"]
[Round "1.13"]
[White "Alfaro Garcia del Cerro, Juan L"]
[Black "Garcia Martin, Marta"]
[Result "1-0"]
[WhiteElo "1872"]
[BlackElo "2166"]
[PlyCount "93"]
[EventDate "2015.07.27"]
[EventType "swiss"]
[EventRounds "9"]
[EventCountry "ESP"]
[Source "lmi"]
[SourceDate "2015.07.27"]

1. d4 Nf6 2. c4 e6 3. g3 d5 4. Nf3 Be7 5. Bg2 O-O 6. O-O c6 7. Qc2 b6 8. Nbd2
Nbd7 9. e4 Bb7 10. e5 Ne8 11. cxd5 cxd5 12. Re1 Rc8 13. Qb3 a5 14. Nf1 Ba6 15.
h4 b5 16. Bg5 Nb6 17. N1h2 Nc4 18. Rab1 Nc7 19. Ng4 b4 20. Qd1 Re8 21. Bf1 Bb5
22. Bd3 Nb6 23. Bxe7 Rxe7 24. Bxb5 Nxb5 25. Qd3 Nc4 26. Ng5 g6 27. Nf6+ Kg7 28.
Ngxh7 Qb6 29. Red1 a4 30. Rbc1 Rh8 31. Ng5 Nxb2 32. Qf3 Nc3 33. Ng4 Ra7 34.
Qf6+ Kg8 35. Rf1 Ne2+ 36. Kg2 Nxc1 37. Rxc1 Nc4 38. Rxc4 dxc4 39. d5 Rh7 40.
dxe6 Qc6+ 41. Kh2 Qc8 42. Nxh7 Kxh7 43. exf7 Qf8 44. e6 b3 45. Ne5 bxa2 46.
Nxg6 Qg7 47. Qxg7+ 1-0

[Event "España ch-2015 sub-18"]
[Site "Salobrena ESP"]
[Date "2015.07.27"]
[Round "1.14"]
[White "Ruperez Benito, Antonio"]
[Black "Tevar Becerra, Alvaro"]
[Result "1-0"]
[WhiteElo "2148"]
[BlackElo "1857"]
[PlyCount "41"]
[EventDate "2015.07.27"]
[EventType "swiss"]
[EventRounds "9"]
[EventCountry "ESP"]
[Source "lmi"]
[SourceDate "2015.07.27"]

1. e4 e5 2. Nf3 Nc6 3. Bc4 g6 4. d4 exd4 5. Nxd4 Bg7 6. Nxc6 bxc6 7. O-O Ne7 8.
Nc3 O-O 9. f4 Bb7 10. f5 d5 11. f6 dxc4 12. fxg7 Kxg7 13. Qf3 c5 14. Qf6+ Kg8
15. Rd1 Nd5 16. Qxd8 Raxd8 17. exd5 Rfe8 18. Bg5 Rd7 19. Re1 Rxe1+ 20. Rxe1 Bc8
21. Nb1 1-0

[Event "España ch-2015 sub-18"]
[Site "Salobrena ESP"]
[Date "2015.07.27"]
[Round "1.15"]
[White "Perez Gonzalez, Daniel"]
[Black "Ribera Cebolla, Marc"]
[Result "0-1"]
[WhiteElo "1852"]
[BlackElo "2146"]
[PlyCount "110"]
[EventDate "2015.07.27"]
[EventType "swiss"]
[EventRounds "9"]
[EventCountry "ESP"]
[Source "lmi"]
[SourceDate "2015.07.27"]

1. e4 c5 2. Nf3 Nc6 3. c3 d5 4. exd5 Qxd5 5. d4 e6 6. Be3 cxd4 7. cxd4 Nf6 8.
Nc3 Qd6 9. a3 Be7 10. Bd3 O-O 11. O-O b6 12. Qe2 Bb7 13. Rad1 Rac8 14. Bb1 Rfd8
15. Ng5 Na5 16. Qd3 g6 17. Ba2 Ng4 18. g3 Bxg5 19. Bxg5 Ne5 20. Ne4 Nxd3 21.
Nxd6 Rxd6 22. Rxd3 Ba6 23. Rd2 Bxf1 24. Kxf1 Nc4 25. Bxc4 Rxc4 26. Bf6 Kf8 27.
Ke2 Rd5 28. Kd3 Rc6 29. h4 Rf5 30. Be5 h5 31. Ke4 f6 32. Bf4 Ke7 33. Bb8 a6 34.
Bf4 g5 35. hxg5 fxg5 36. Be5 Rc1 37. Re2 Kf7 38. Ke3 Kg6 39. Ke4 h4 40. gxh4
gxh4 41. f4 h3 42. Rh2 Rh5 43. Kf3 Kf5 44. Bd6 Rd1 45. Be5 Rd3+ 46. Ke2 Rb3 47.
Kf1 Kg4 48. Kg1 Rd3 49. Kf1 Rf5 50. Ke2 Rb3 51. Kf1 Kg3 52. Rh1 Rxb2 53. Rg1+
Rg2 54. Rh1 h2 55. d5 Rf2+ 0-1

[Event "España ch-2015 sub-18"]
[Site "Salobrena ESP"]
[Date "2015.07.27"]
[Round "1.16"]
[White "Bernabeu Lopez, Carlos Javier"]
[Black "Soriano Gracia, Manuel"]
[Result "1-0"]
[WhiteElo "2142"]
[BlackElo "1844"]
[PlyCount "65"]
[EventDate "2015.07.27"]
[EventType "swiss"]
[EventRounds "9"]
[EventCountry "ESP"]
[Source "lmi"]
[SourceDate "2015.07.27"]

1. e4 e5 2. Nf3 Nc6 3. Bb5 a6 4. Ba4 Nf6 5. d3 b5 6. Bb3 d6 7. a4 Bg4 8. c3 Na5
9. Bc2 c5 10. h3 Bd7 11. d4 cxd4 12. cxd4 Nc6 13. Bg5 Be7 14. O-O O-O 15. axb5
axb5 16. Rxa8 Qxa8 17. dxe5 Ne8 18. Bxe7 Nxe7 19. exd6 Nc6 20. Nc3 Qb8 21. e5
Be6 22. Ne4 f6 23. d7 Nc7 24. exf6 gxf6 25. Qd6 Nd8 26. Nd4 Nb7 27. Qg3+ Kh8
28. Nc6 Qa8 29. Qxc7 Rg8 30. Nxf6 Rxg2+ 31. Kxg2 Bd5+ 32. Nxd5 Qg8+ 33. Kh2 1-0

[Event "España ch-2015 sub-18"]
[Site "Salobrena ESP"]
[Date "2015.07.27"]
[Round "1.17"]
[White "Cribilles Perez, Carlos"]
[Black "Garrido Piriz, Pablo"]
[Result "1/2-1/2"]
[WhiteElo "1844"]
[BlackElo "2138"]
[PlyCount "71"]
[EventDate "2015.07.27"]
[EventType "swiss"]
[EventRounds "9"]
[EventCountry "ESP"]
[Source "lmi"]
[SourceDate "2015.07.27"]

1. d4 Nf6 2. c4 g6 3. Nc3 Bg7 4. e4 d6 5. Nf3 O-O 6. Be2 Na6 7. Bf4 Nh5 8. Bg5
h6 9. Be3 e5 10. O-O Nf4 11. Qd2 g5 12. dxe5 dxe5 13. Rfd1 Qe7 14. Bf1 Bg4 15.
Ne2 Nxe2+ 16. Bxe2 Rfd8 17. Qc3 c6 18. Kh1 Nc5 19. Qc2 Rxd1+ 20. Rxd1 Ne6 21.
Ng1 Bxe2 22. Nxe2 Nd4 23. Nxd4 exd4 24. Bxd4 Rd8 25. Bxg7 Kxg7 26. Rxd8 Qxd8
27. Kg1 f6 28. Kf1 Qa5 29. b3 Qe5 30. h3 h5 31. Qd3 Qa1+ 32. Ke2 Qxa2+ 33. Ke3
Kh6 34. e5 Qb2 35. b4 Qd4+ 36. Qxd4 1/2-1/2

[Event "España ch-2015 sub-18"]
[Site "Salobrena ESP"]
[Date "2015.07.27"]
[Round "1.18"]
[White "Mari Copa, Adria"]
[Black "Gonzalez Fernandez, Pedro"]
[Result "0-1"]
[WhiteElo "2136"]
[BlackElo "1825"]
[PlyCount "77"]
[EventDate "2015.07.27"]
[EventType "swiss"]
[EventRounds "9"]
[EventCountry "ESP"]
[Source "lmi"]
[SourceDate "2015.07.27"]

1. e4 c5 2. Nf3 d6 3. Bb5+ Bd7 4. Bxd7+ Qxd7 5. c4 Nf6 6. Nc3 Nc6 7. O-O g6 8.
d4 cxd4 9. Nxd4 Bg7 10. Nde2 O-O 11. f3 a6 12. a4 e6 13. Bg5 Qc7 14. Be3 Nd7
15. Rb1 Rac8 16. b3 Na5 17. Qc2 Nc5 18. Rfc1 Nc6 19. Ng3 Nb4 20. Qd2 Rfd8 21.
Rd1 Nxb3 22. Rxb3 Qxc4 23. Rxb4 Qxb4 24. Nce2 Qxa4 25. Bb6 Rd7 26. Rc1 Rc6 27.
Qe3 Qb4 28. Rxc6 bxc6 29. Bd4 Bxd4 30. Nxd4 Qc5 31. Kf2 Rb7 32. Nde2 Qxe3+ 33.
Kxe3 a5 34. Nc3 Rb4 35. Kd3 a4 36. Nf1 a3 37. Ne3 Rb2 38. Nc2 a2 39. Kd4 0-1

[Event "España ch-2015 sub-18"]
[Site "Salobrena ESP"]
[Date "2015.07.27"]
[Round "1.19"]
[White "Comellas Martos, Lidia"]
[Black "Esquivias Quintero, Luis Manuel"]
[Result "1/2-1/2"]
[WhiteElo "1822"]
[BlackElo "2134"]
[PlyCount "96"]
[EventDate "2015.07.27"]
[EventType "swiss"]
[EventRounds "9"]
[EventCountry "ESP"]
[Source "lmi"]
[SourceDate "2015.07.27"]

1. e4 e5 2. Nf3 Nc6 3. d4 exd4 4. Nxd4 Bc5 5. Be3 Qf6 6. c3 Nge7 7. f4 Bb6 8.
Be2 O-O 9. O-O Rd8 10. Qd2 d5 11. e5 Qg6 12. Na3 Bxd4 13. Bxd4 Bf5 14. Rac1 Be4
15. Bf3 Rd7 16. Nc2 Nf5 17. Ne3 Nce7 18. Nxf5 Nxf5 19. Qe2 Bxf3 20. Qxf3 h5 21.
Rf2 b6 22. b4 c6 23. Rd2 Rc8 24. Bf2 Qg4 25. Qxg4 hxg4 26. Rcd1 Kf8 27. g3 Rcd8
28. Kg2 Nh6 29. h3 Ke7 30. hxg4 Nxg4 31. Bg1 f5 32. a4 Ke6 33. a5 bxa5 34. bxa5
Rb8 35. c4 Rb4 36. cxd5+ Rxd5 37. Rxd5 cxd5 38. Bxa7 Rb2+ 39. Kg1 Rb3 40. Kg2
Ra3 41. Bb6 Rxa5 42. Bxa5 Ne3+ 43. Kf3 Nxd1 44. Bd2 Nb2 45. Bc3 Nc4 46. g4 Nb6
47. gxf5+ Kxf5 48. e6 Kxe6 1/2-1/2

[Event "España ch-2015 sub-18"]
[Site "Salobrena ESP"]
[Date "2015.07.27"]
[Round "1.20"]
[White "Buendia Pinar, Alvaro"]
[Black "Santamaria Fernandez, Guillermo"]
[Result "1-0"]
[WhiteElo "2134"]
[BlackElo "1804"]
[PlyCount "49"]
[EventDate "2015.07.27"]
[EventType "swiss"]
[EventRounds "9"]
[EventCountry "ESP"]
[Source "lmi"]
[SourceDate "2015.07.27"]

1. d4 Nf6 2. Nf3 g6 3. g3 c5 4. c3 cxd4 5. cxd4 d5 6. Bg2 Bg7 7. Nc3 Nc6 8. Ne5
O-O 9. O-O Qa5 10. a3 Rd8 11. Nxc6 bxc6 12. b4 Qb6 13. Na4 Qb5 14. Bf4 Bf5 15.
Rc1 Nd7 16. Nc3 Qb6 17. b5 Qxd4 18. bxc6 Nb6 19. c7 Rd7 20. Qxd4 Bxd4 21. Nxd5
Rxd5 22. e4 Rd7 23. exf5 Rc8 24. Bb7 Rf8 25. Bc6 1-0

[Event "España ch-2015 sub-18"]
[Site "Salobrena ESP"]
[Date "2015.07.27"]
[Round "1.21"]
[White "Hevia Fernandez, Guillermo"]
[Black "Perez Tores, Juan Miguel"]
[Result "1/2-1/2"]
[WhiteElo "1795"]
[BlackElo "2129"]
[PlyCount "70"]
[EventDate "2015.07.27"]
[EventType "swiss"]
[EventRounds "9"]
[EventCountry "ESP"]
[Source "lmi"]
[SourceDate "2015.07.27"]

1. d4 Nf6 2. c4 e6 3. Nf3 b6 4. Bg5 h6 5. Bxf6 Qxf6 6. e3 Bb7 7. Be2 Bb4+ 8.
Nbd2 O-O 9. O-O Qg6 10. Nh4 Qf6 11. Nhf3 d6 12. a3 Bxd2 13. Nxd2 Nd7 14. Bf3
Bxf3 15. Qxf3 Qxf3 16. Nxf3 Rfd8 17. d5 Ne5 18. Nxe5 dxe5 19. dxe6 fxe6 20.
Rfd1 Kf7 21. Kf1 Rd6 22. Rxd6 cxd6 23. Rd1 Ke7 24. Ke2 Rc8 25. b3 Rc5 26. g3 d5
27. cxd5 exd5 28. f4 e4 29. Kd2 Kd6 30. g4 Rc8 31. h4 a6 32. h5 d4 33. exd4 Kd5
34. g5 Rh8 35. g6 Rf8 1/2-1/2

[Event "España ch-2015 sub-18"]
[Site "Salobrena ESP"]
[Date "2015.07.27"]
[Round "1.22"]
[White "Campins Machado, Francesc"]
[Black "Garcia Martin, Guillermo"]
[Result "1-0"]
[WhiteElo "2127"]
[BlackElo "1791"]
[PlyCount "113"]
[EventDate "2015.07.27"]
[EventType "swiss"]
[EventRounds "9"]
[EventCountry "ESP"]
[Source "lmi"]
[SourceDate "2015.07.27"]

1. Nf3 d5 2. c4 e6 3. g3 Nf6 4. Bg2 Be7 5. O-O O-O 6. Qc2 c6 7. d4 Nbd7 8. Nbd2
h6 9. Rd1 Re8 10. e4 dxe4 11. Nxe4 Nxe4 12. Qxe4 Nb6 13. Qc2 Bf6 14. Bf4 Qe7
15. c5 Nd5 16. Bd6 Qd8 17. Ne5 Be7 18. Nc4 b5 19. Bxe7 Qxe7 20. Nd6 Rd8 21. Re1
Qc7 22. a4 b4 23. Qe4 a5 24. f4 Bd7 25. Bf1 Nf6 26. Qe5 Ne8 27. Nc4 Qxe5 28.
dxe5 Nc7 29. Bg2 Nd5 30. Rac1 Be8 31. Nd6 Bd7 32. Re2 Rab8 33. Nc4 Ra8 34. Kf2
Kf8 35. Be4 Bc8 36. Rd2 Ra7 37. Kf3 Ke7 38. g4 g6 39. Rcd1 Rdd7 40. Nd6 Rd8 41.
h4 Rh8 42. Rh1 h5 43. gxh5 gxh5 44. Rg1 Ba6 45. Rg7 Kf8 46. Rdg2 Re7 47. Bh7
Ra7 48. Bg8 Bd3 49. Rxf7+ Rxf7 50. Bxf7 Ke7 51. Rg7 Kf8 52. Rg5 Nc3 53. bxc3 b3
54. Bg6 Bxg6 55. Rxg6 b2 56. Rg1 Rg8 57. Rb1 1-0

[Event "España ch-2015 sub-18"]
[Site "Salobrena ESP"]
[Date "2015.07.27"]
[Round "1.23"]
[White "Zuñiga Arraras, Marina"]
[Black "Gomez Dieguez, Adrian"]
[Result "0-1"]
[WhiteElo "1781"]
[BlackElo "2124"]
[PlyCount "79"]
[EventDate "2015.07.27"]
[EventType "swiss"]
[EventRounds "9"]
[EventCountry "ESP"]
[Source "lmi"]
[SourceDate "2015.07.27"]

1. d4 Nf6 2. Nf3 c5 3. e3 e6 4. Bd3 b6 5. Nbd2 Bb7 6. c3 cxd4 7. exd4 Be7 8.
O-O d6 9. Qc2 Nbd7 10. Re1 h6 11. Ne4 O-O 12. Nxf6+ Nxf6 13. Nd2 Rc8 14. Ne4
Nd5 15. Qe2 Rc7 16. Bc2 Qc8 17. a3 a6 18. Qd3 f5 19. Ng3 Bh4 20. Rf1 Nxc3 21.
Bb3 Nd5 22. f3 Qd7 23. Bd2 Bf6 24. Nh5 Bg5 25. Ng3 Bxd2 26. Qxd2 Qb5 27. Ba2
Rfc8 28. Rac1 Rxc1 29. Rxc1 Rxc1+ 30. Qxc1 Qd3 31. Qc4 Qd1+ 32. Kf2 b5 33. Qe2
Qxd4+ 34. Ke1 Kf7 35. Bxd5 Bxd5 36. Qc2 Qe3+ 37. Qe2 Qxe2+ 38. Nxe2 e5 39. Kd2
Ke6 40. Ng1 0-1

[Event "España ch-2015 sub-18"]
[Site "Salobrena ESP"]
[Date "2015.07.27"]
[Round "1.24"]
[White "Pozanco Romasanta, Marc"]
[Black "Hidalgo Gracia, Andres"]
[Result "1-0"]
[WhiteElo "2121"]
[BlackElo "1772"]
[PlyCount "77"]
[EventDate "2015.07.27"]
[EventType "swiss"]
[EventRounds "9"]
[EventCountry "ESP"]
[Source "lmi"]
[SourceDate "2015.07.27"]

1. d4 Nf6 2. c4 e6 3. Nc3 c5 4. d5 exd5 5. cxd5 d6 6. Nf3 g6 7. Bf4 Bg7 8. h3
O-O 9. Nd2 Qe7 10. Nc4 Rd8 11. e3 Na6 12. Be2 Nc7 13. Bf3 a6 14. a4 Rb8 15. O-O
b5 16. axb5 axb5 17. Na5 Bb7 18. Nxb7 Rxb7 19. Ra5 b4 20. Nb1 Rb5 21. Ra7 Ra8
22. Qa4 Rxa7 23. Qxa7 Nfxd5 24. Bxd5 Nxd5 25. Qa8+ Qf8 26. Qxd5 Bxb2 27. Nd2
Bf6 28. Ne4 Be7 29. Nxd6 Bxd6 30. Bxd6 Qd8 31. Ra1 Ra5 32. Rxa5 Qxa5 33. Qxc5
Qa1+ 34. Kh2 b3 35. Be5 Qa8 36. Qb6 Qe8 37. Qf6 Kf8 38. Qh8+ Ke7 39. Qxe8+ 1-0